| 000 | 00868nam a2200229 a 4500 | ||
|---|---|---|---|
| 001 | BRCA_971 | ||
| 005 | 20190320203227.0 | ||
| 008 | 881114s1989 nyua---##b---#001-0#eng-# | ||
| 020 | _a0823048934 | ||
| 040 |
_aDLC _cDLC _dDLC |
||
| 050 | 4 |
_aNk2195.S89 _b.R48 1989 |
|
| 100 | 1 |
_aReznikoff, S. C. _d1930- _93204 |
|
| 245 | 1 | 0 |
_aSpecifications for commercial interiors _bprofessional liabilities, regulations and perdormance criteria _cS.C. Reznikoff. |
| 260 |
_aNueva York _bWhitney Library of Design _c1989 |
||
| 300 |
_a319 p. _bil. _c31 cm. |
||
| 504 | _aBibliografía: p. 312-315 | ||
| 650 | 1 | 4 |
_aEdificios comerciales _xEspecificaciones _zEstados Unidos _93205 |
| 650 | 1 | 4 |
_aConstrucción _xLegislación _zEstados Unidos _93206 |
| 650 | 1 | 4 |
_aArquitectos _xNegligencia _zEstados Unidos _93207 |
| 650 | 1 | 4 |
_aContratos de la construcción _zEstados Unidos _93208 |
| 942 |
_2lcc _cB |
||
| 999 |
_c857 _d857 |
||